Geography Quiz

Random Geography or City Quiz

British Cities by Picture Quiz Stats

 Plays Quiz Updated Jun 20, 2015

Challenge
Share
Tweet
Score 0/25 Timer 08:00
17 Plays Today
% Correct
London
98.1%
Cambridge
84.7%
Edinburgh
78.7%
Brighton & Hove
78.2%
Newcastle-upon-Tyne
64.7%
Cardiff
64.4%
Portsmouth
58.5%
Bath
58.3%
Bristol
55.4%
Liverpool
49.5%
York
49.4%
Manchester
42.9%
Birmingham
39.6%
% Correct
Glasgow
37.5%
Oxford
35.3%
Chester
31.7%
Durham
28.8%
Leeds
28.7%
Belfast
26.8%
Sheffield
21%
Salisbury
19%
Nottingham
18.5%
St David's
15.8%
Salford
12.2%
Norwich
11.3%

You're not logged in!

Compare scores with friends on all Sporcle quizzes.
OR
Log In

You Might Also Like...

Show Comments

Extras

Top Quizzes Today


Score Distribution

Your Account Isn't Verified!

In order to create a playlist on Sporcle, you need to verify the email address you used during registration. Go to your Sporcle Settings to finish the process.

Report this User

Report this user for behavior that violates our Community Guidelines.

Details: